Expansión urbana, protección ambiental y actores sociales en la Ciudad de México /
Los resultados de investigación que se presentan en el texto destacan el papel que desempeñan las cuestiones jurídicas y de movilización social en los procesos de expanción urbana y su relación con el ambiente, el trabajo muestra los cambios ocurridos en la legislación mexicana y las complejidades y...
محفوظ في:
| المؤلف الرئيسي: | |
|---|---|
| مؤلفون آخرون: | |
| التنسيق: | نص |
| الموضوعات: | |
| الوسوم: |
إضافة وسم
لا توجد وسوم, كن أول من يضع وسما على هذه التسجيلة!
|
MARC
| LEADER | 00000 a a2200000 04500 | ||
|---|---|---|---|
| 001 | 7579 | ||
| 003 | |||
| 040 | |||
| 100 | |a Schteingart, Martha | ||
| 245 | |a Expansión urbana, protección ambiental y actores sociales en la Ciudad de México / |c Martha Schteingart / |c Martha Schteingart ; Clara Salazar | ||
| 520 | |a Los resultados de investigación que se presentan en el texto destacan el papel que desempeñan las cuestiones jurídicas y de movilización social en los procesos de expanción urbana y su relación con el ambiente, el trabajo muestra los cambios ocurridos en la legislación mexicana y las complejidades y limitaciones de su aplicación |a por otra parte pone de manifiesto el papel contradictorio de las movilizaciones de los colonos urbanos y de los pobladores reales así como de sus enfrentamientos con respecto a la protección del ambiente | ||
| 650 | |a ZONAS PROTEGIDAS | ||
| 650 | |a ASENTAMIENTOS HUMANOS | ||
| 650 | |a URBANIZACION | ||
| 650 | |a PLANIFICACION DEL MEDIO FISICO | ||
| 650 | |a ASPECTOS JURIDICOS | ||
| 700 | |a Salazar, Clara | ||
| 773 | |g volumen 18, número 3 (54); páginas 433-460 | ||
| 999 | |c 30291 |d 30291 | ||
